<?xml version="1.0" encoding="UTF-8"?>
<record
    xmlns:xsi="http://www.w3.org/2001/XMLSchema-instance"
    xsi:schemaLocation="http://www.loc.gov/MARC21/slim http://www.loc.gov/standards/marcxml/schema/MARC21slim.xsd"
    xmlns="http://www.loc.gov/MARC21/slim">

  <leader>00928nam a22002057a 4500</leader>
  <controlfield tag="005">20240529145333.0</controlfield>
  <datafield tag="010" ind1=" " ind2=" ">
    <subfield code="a">HIN-127747</subfield>
  </datafield>
  <datafield tag="020" ind1=" " ind2=" ">
    <subfield code="c">400.00</subfield>
    <subfield code="a">9789383618033</subfield>
  </datafield>
  <datafield tag="035" ind1=" " ind2=" ">
    <subfield code="a">HN-100093</subfield>
  </datafield>
  <datafield tag="037" ind1=" " ind2=" ">
    <subfield code="b">DBAD</subfield>
  </datafield>
  <datafield tag="082" ind1=" " ind2=" ">
    <subfield code="a">158.1</subfield>
  </datafield>
  <datafield tag="100" ind1=" " ind2=" ">
    <subfield code="a">&#x938;&#x947;&#x902;&#x917;&#x930;, &#x936;&#x94C;&#x932;&#x947;&#x928;&#x94D;&#x926;&#x94D;&#x930;</subfield>
    <subfield code="9">67056</subfield>
  </datafield>
  <datafield tag="245" ind1=" " ind2=" ">
    <subfield code="a">&#x915;&#x948;&#x930;&#x93F;&#x92F;&#x93E;&#x930; &#x92E;&#x93E;&#x930;&#x94D;&#x917;&#x926;&#x930;&#x94D;&#x936;&#x93F;&#x915;&#x93E;</subfield>
    <subfield code="c">&#x936;&#x94C;&#x932;&#x947;&#x928;&#x94D;&#x926;&#x94D;&#x930; &#x938;&#x947;&#x902;&#x917;&#x930;</subfield>
  </datafield>
  <datafield tag="260" ind1=" " ind2=" ">
    <subfield code="a">&#x926;&#x93F;&#x932;&#x94D;&#x932;&#x940;</subfield>
    <subfield code="b">&#x905;&#x92E;&#x93F;&#x924; &#x92A;&#x92C;&#x94D;&#x932;&#x93F;&#x936;&#x93F;&#x902;&#x917; &#x939;&#x93E;&#x909;&#x938;</subfield>
    <subfield code="c">2018</subfield>
  </datafield>
  <datafield tag="270" ind1=" " ind2=" ">
    <subfield code="a">&#x90F;&#x932;-20/13, &#x926;&#x94D;&#x935;&#x93F;&#x924;&#x940;&#x92F; &#x924;&#x932;, &#x917;&#x932;&#x940; &#x928;&#x94B;&#x902; 5, &#x936;&#x93F;&#x92C;&#x93E;&#x91C;&#x940; &#x92E;&#x93E;&#x930;&#x94D;&#x917; &#x915;&#x930;&#x924;&#x93E;&#x930; &#x928;&#x917;&#x930;</subfield>
    <subfield code="b"> &#x926;&#x93F;&#x932;&#x94D;&#x932;&#x940;</subfield>
    <subfield code="e">110053</subfield>
  </datafield>
  <datafield tag="300" ind1=" " ind2=" ">
    <subfield code="a">&#x967;&#x96C;0 &#x92A;&#x943;.</subfield>
    <subfield code="c">21&#x938;&#x947;&#x92E;&#x940;.(&#x938;&#x93E;&#x91C;&#x93F;&#x932;&#x94D;&#x926;)</subfield>
  </datafield>
  <datafield tag="650" ind1=" " ind2=" ">
    <subfield code="a">&#x939;&#x93F;&#x928;&#x94D;&#x926;&#x940;</subfield>
    <subfield code="9">67057</subfield>
  </datafield>
  <datafield tag="700" ind1=" " ind2=" ">
    <subfield code="9">64809</subfield>
    <subfield code="a">&#x938;&#x947;&#x902;&#x917;&#x930;, &#x936;&#x94C;&#x932;&#x947;&#x928;&#x94D;&#x926;&#x94D;&#x930;</subfield>
  </datafield>
  <datafield tag="942" ind1=" " ind2=" ">
    <subfield code="2">ddc</subfield>
    <subfield code="c">HN</subfield>
    <subfield code="h">158.1</subfield>
    <subfield code="m">&#x938;&#x947;&#x902;&#x917;&#x930;</subfield>
  </datafield>
  <datafield tag="999" ind1=" " ind2=" ">
    <subfield code="c">203371</subfield>
    <subfield code="d">203371</subfield>
  </datafield>
  <datafield tag="952" ind1=" " ind2=" ">
    <subfield code="0">0</subfield>
    <subfield code="1">0</subfield>
    <subfield code="4">0</subfield>
    <subfield code="7">0</subfield>
    <subfield code="8">NFIC</subfield>
    <subfield code="a">L</subfield>
    <subfield code="b">L</subfield>
    <subfield code="d">2024-05-29</subfield>
    <subfield code="e">DBAD</subfield>
    <subfield code="g">400.00</subfield>
    <subfield code="l">3</subfield>
    <subfield code="m">4</subfield>
    <subfield code="o">158.1 &#x938;&#x947;&#x902;&#x917;&#x930;</subfield>
    <subfield code="p">HN-100093</subfield>
    <subfield code="r">2025-10-25 00:00:00</subfield>
    <subfield code="s">2025-09-12</subfield>
    <subfield code="t">1</subfield>
    <subfield code="v">400.00</subfield>
    <subfield code="w">2024-05-29</subfield>
    <subfield code="y">HN</subfield>
  </datafield>
</record>
